[Event "EICC 2019"]
[Site "Skopia"]
[Date "2019.03.27"]
[Round "9.17"]
[White "Lupulescu, Constantin"]
[Black "Kovalenko, Igor"]
[Result "1-0"]
[WhiteElo "2611"]
[BlackElo "2658"]
[Annotator "TA"]
[PlyCount "139"]
[EventDate "2019.03.18"]
[EventType "swiss"]
[EventCountry "MKD"]
[SourceTitle "playchess.com"]
[Source "ChessBase"]
[SourceQuality "1"]

{[%evp 16,139,42,42,42,46,41,28,33,0,34,35,41,10,52,10,49,53,98,100,102,97,87,86,102,59,81,72,99,102,121,126,165,141,137,145,150,139,152,137,137,139,163,131,212,126,141,0,202,0,141,143,141,136,195,137,140,145,164,138,141,143,179,178,176,111,119,86,116,101,151,151,165,169,238,142,151,143,142,139,169,131,135,128,128,131,186,150,176,180,179,174,182,183,181,177,165,160,186,193,191,165,213,213,261,243,257,249,322,291,557,550,1064,1068,985,974,29981,29982,29976,29978,29983,29984,29984,29983,29983,29984]} 1. d4 Nf6 2. c4 g6 3. Nc3 Bg7 4. e4 d6 5. h3 O-O 6. Be3 c5 7. Nf3 cxd4 8. Nxd4 Nc6 9. Be2 Qb6 {White should prevent ...Nxe4! B38: Sicilian: Maroczy Bind with 5...Bg7 and 7...0-0} (9... Bd7 10. O-O Nxd4 11. Bxd4 Bc6 12. Qc2 a5 13. Rad1 Nd7 14. Bxg7 Kxg7 15. Bg4 Ne5 16. c5 Nxg4 17. hxg4 Qc8 18. cxd6 Qxg4 19. dxe7 Rfe8 {1-0 (43) Cheparinov,I (2711)-Amin,B (2709) Zagreb 2018}) 10. Nb3 Qc7 11. O-O $146 ({Predecessor:} 11. Rc1 b6 12. O-O Be6 13. f4 h5 14. Nd5 Qd7 15. Bf3 Rac8 16. Nd4 Na5 17. b3 {1-0 (29) Luecke,T (1805)-Kemper,G (1971) Germany 2009}) 11... b6 {White has an edge.} 12. Nd5 Qb7 13. Qc2 Nd7 14. f4 Nc5 15. f5 Be5 16. Bh6 $36 {[%mdl 2048] White fights for an advantage.} f6 17. Bxf8 Kxf8 18. Rad1 Kg7 19. Bf3 Bd7 20. Ne3 Qa6 21. Nc1 Rg8 22. Qd2 Qa4 23. b3 Qa3 24. Ne2 Kh8 25. Ng4 Rg7 26. Kh1 Be8 27. Nxe5 Nxe5 28. Nd4 Bd7 29. Rb1 Ncd3 {[#]} (29... a5 $16 {might work better.} 30. Ra1 Ncd3) 30. Be2 (30. fxg6 $1 $18 Rxg6 31. Nf5 Bxf5 32. exf5) 30... Nc5 31. Bf3 (31. Qe3 $16) 31... Ncd3 $1 $18 32. Rbd1 $2 (32. fxg6 $18 {Black must now prevent Nf5.} Rxg6 33. Nf5 Bxf5 34. exf5) 32... a5 (32... Nc5 $1 $11) 33. Qe3 Nc5 34. Rfe1 Rg8 (34... Na6 $16 {was necessary.} 35. Bg4 Nc5) 35. Rd2 ({Better is} 35. fxg6 $18 Rxg6 36. Nf5) 35... Kg7 $16 36. Qc3 Na6 37. Nc2 Qc5 38. Ne3 Qc8 39. Nd5 Qd8 40. Qc2 (40. Bg4 $18) 40... Nb4 41. Qb1 Kh8 42. Bd1 gxf5 43. exf5 Qf8 44. Qe4 ({Don't take} 44. Nxb6 $6 Qh6 $14) 44... b5 (44... Nxd5 $142 45. cxd5 Rg3) 45. a3 (45. Nxb4 $18 axb4 46. cxb5) 45... Nxd5 46. cxd5 Qh6 47. Qe3 Rg5 48. Rf1 Qf8 49. Bc2 a4 50. Be4 Qg7 (50... axb3 $16 51. Qxb3 Qh6) 51. Re2 {[%cal Bd2e2,Be2e3,Be3b3][%mdl 32]} Rg3 52. Qb6 {aiming for Qd8+.} Qf8 53. Re3 Rg8 54. Qd4 axb3 55. Rxb3 Qh6 56. Qe3 Qh4 57. Kg1 Ra8 58. Qf4 Qh5 59. Rg3 Rc8 60. Rc1 Ra8 61. Kh2 Nc4 62. Rcc3 Rc8 $2 {[#]} (62... Ne5 {is a better defense.} 63. Rc7 Rc8) 63. Bd3 $18 Ne5 64. Rxc8+ Bxc8 65. Bxb5 Bd7 66. Bxd7 {White mates.} Nxd7 67. a4 {[%cal Ba3a4,Ba4a5][%mdl 32]} Nc5 68. a5 Qe8 69. Qg4 {[%csl Gg3][%cal Rg4g7]} Qf8 70. Qe2 {Accuracy: White = 64%, Black = 46%.} 1-0

[Event "EICC 2019"]
[Site "Skopia"]
[Date "2019.03.27"]
[Round "9.18"]
[White "Hracek, Zbynek"]
[Black "Gelfand, Boris"]
[Result "1/2-1/2"]
[WhiteElo "2578"]
[BlackElo "2655"]
[Annotator "TA"]
[PlyCount "53"]
[EventDate "2019.03.18"]
[EventType "swiss"]
[EventCountry "MKD"]
[SourceTitle "playchess.com"]
[Source "ChessBase"]
[SourceQuality "1"]

{[%evp 20,53,19,6,7,6,23,6,14,11,27,0,0,0,16,9,9,0,6,0,22,0,14,0,0,0,0,0,0,0,0,0,0,0,0,0]} 1. e4 c5 2. Nf3 Nc6 3. d4 cxd4 4. Nxd4 Nf6 5. Nc3 e5 6. Ndb5 d6 7. Bg5 a6 8. Na3 b5 9. Nd5 Be7 10. Bxf6 Bxf6 11. c4 b4 {B33: Sicilian: Pelikan and Sveshnikov Variations} 12. Nc2 O-O (12... a5 13. g3 {½-½ (13) Nepomniachtchi,I (2763)-Carlsen,M (2835) St Petersburg 2018}) 13. g3 Be6 (13... a5 {feels hotter.} 14. Bg2 Bg5 15. O-O Ne7 16. Nce3 Be6) 14. Bg2 Rb8 15. Nxf6+ (15. Qd3 {seems wilder.} a5 16. O-O Bg5 17. b3 Rc8 18. f4) 15... Qxf6 {The position is equal.} 16. b3 Qe7 17. O-O a5 {[%cal Ba6a5,Ba5a4][%mdl 32] [#]} 18. Re1 $146 ({Predecessor:} 18. f4) 18... Qc7 19. Re3 a4 20. h4 Ra8 21. Kh2 Ra6 22. Bh3 Qa7 23. Rb1 axb3 24. axb3 Ra2 25. Kg2 Qd7 26. Bxe6 fxe6 27. Re2 {Accuracy: White = 38%, Black = 64%.} 1/2-1/2

[Event "EICC 2019"]
[Site "Skopia"]
[Date "2019.03.27"]
[Round "9.19"]
[White "Deac, Bogdan-Daniel"]
[Black "Kuzubov, Yuriy"]
[Result "1/2-1/2"]
[WhiteElo "2609"]
[BlackElo "2644"]
[Annotator "TA"]
[PlyCount "50"]
[EventDate "2019.03.18"]
[EventType "swiss"]
[EventCountry "MKD"]
[SourceTitle "playchess.com"]
[Source "ChessBase"]
[SourceQuality "1"]

{[%evp 24,50,19,18,12,7,35,6,35,25,37,20,15,12,47,0,0,0,0,0,0,0,0,0,0,0,0,0,0]} 1. e4 c5 2. Nf3 Nc6 3. d4 cxd4 4. Nxd4 Nf6 5. Nc3 e5 6. Ndb5 d6 7. Bg5 a6 8. Na3 b5 9. Nd5 Be7 10. Bxf6 Bxf6 11. c3 Rb8 12. Nc2 Bg5 13. a4 bxa4 {B33: Sicilian: Pelikan and Sveshnikov Variations} 14. Ncb4 Nxb4 15. cxb4 (15. Nxb4 {seems wilder.} Bd7 16. Bxa6 O-O 17. O-O Qf6 18. Qh5) 15... O-O 16. Rxa4 a5 17. b5 Bd7 18. Nc3 d5 19. Nxd5 Be7 {The position is equal.} 20. Qb3 {[#]} Be6 $146 ({Predecessor:} 20... Bb4+ 21. Nxb4 axb4 {0-1 (51) Dominguez Perez,L (2755)-Grischuk,A (2789) Bilbao 2014}) 21. Nxe7+ Qxe7 22. Bc4 Bxc4 23. Rxc4 Qb7 24. O-O Qxb5 25. Qc3 Qxb2 1/2-1/2

[Event "EICC 2019"]
[Site "Skopia"]
[Date "2019.03.27"]
[Round "9.20"]
[White "Bartel, Mateusz"]
[Black "Yilmaz, Mustafa"]
[Result "1/2-1/2"]
[WhiteElo "2600"]
[BlackElo "2636"]
[Annotator "TA"]
[PlyCount "46"]
[EventDate "2019.03.18"]
[EventType "swiss"]
[EventCountry "MKD"]
[SourceTitle "playchess.com"]
[Source "ChessBase"]
[SourceQuality "1"]

{[%evp 11,46,2,27,-10,12,12,24,10,0,0,6,7,7,0,0,0,0,0,0,0,0,0,0,0,16,7,13,0,0,-27,-33,-30,0,0,-10,-9,-7]} 1. e4 c5 2. Nf3 d6 3. Bb5+ Bd7 4. Bxd7+ Qxd7 5. O-O Nf6 6. Qe2 Nc6 7. Rd1 {B52: Sicilian: Moscow Variation with 3...Bd7} (7. b3 g6 8. Bb2 Bg7 9. c4 Nh5 10. Bxg7 Nxg7 11. Nc3 O-O 12. Qe3 e5 13. d3 f5 14. Nd5 f4 15. Qd2 Ne6 16. b4 {½-½ (71) Anand,V (2759)-Grischuk,A (2766) Leuven 2018}) 7... Rc8 8. c3 e6 9. d4 {White has an edge.} cxd4 10. Bg5 Be7 11. cxd4 h6 12. Bh4 O-O 13. Nc3 d5 14. e5 Nh7 15. Bxe7 Nxe7 {[#]} 16. Ne1 $146 Rc4 17. Nc2 a6 18. Ne3 Rc7 19. a4 f6 20. f4 fxe5 21. fxe5 Nf5 22. Nxf5 Rxf5 23. Rf1 Rxf1+ {Accuracy: White = 51%, Black = 60%.} 1/2-1/2

[Event "EICC 2019"]
[Site "Skopia"]
[Date "2019.03.27"]
[Round "9.21"]
[White "Hovhannisyan, Robert"]
[Black "Sychev, Klementy"]
[Result "1/2-1/2"]
[WhiteElo "2634"]
[BlackElo "2545"]
[Annotator "TA"]
[PlyCount "80"]
[EventDate "2019.03.18"]
[EventType "swiss"]
[EventCountry "MKD"]
[SourceTitle "playchess.com"]
[Source "ChessBase"]
[SourceQuality "1"]

{[%evp 10,80,8,9,11,0,22,0,3,0,0,0,0,0,0,0,2,0,7,-6,-8,-28,0,-3,0,-10,7,-96,-97,-102,0,0,0,0,0,0,0,0,0,0,0,0,0,0,0,0,0,0,0,0,0,0,0,-84,-81,-94,-81,-85,-82,-73,-78,-73,-78,-80,-72,-83,-8,-54,0,-84,0,-39,0]} 1. e4 c5 2. Nf3 d6 3. Nc3 a6 4. d4 cxd4 5. Qxd4 (5. Nxd4 Nf6 6. Be3 Ng4 7. Bc1 Nc6 8. Be2 Qb6 9. Bxg4 Bxg4 10. Qxg4 Qxd4 11. O-O e6 12. Rd1 Qf6 13. Qg3 Qg6 14. Bf4 Qxg3 15. Bxg3 {0-1 (67) Guseinov,G (2664)-Artemiev,V (2709) Skopje 2018}) 5... Nc6 6. Qd3 {LiveBook: 4 Games. B50: Sicilian: 2...d6, Miscellaneous} Nf6 7. Be2 Bg4 $146 (7... Nb4 $5 {[%cal Rb4d3]} 8. Qd1 g6 $14) ({Predecessor:} 7... Nb4 8. Qd1 e6 9. Bf4 Be7 10. Qd2 O-O 11. O-O Qc7 12. Rfd1 {½-½ (31) Talpak,T (2487)-Morozov,D (2425) ICCF email 2015}) 8. O-O {The position is equal.} e6 9. Bf4 Qc7 10. Rad1 Rd8 11. h3 Bxf3 12. Qxf3 Be7 13. Qg3 O-O 14. Bh6 {[%csl Gh6][%cal Rg3g7] [#]} (14. Be3 {with more complications.} b5 15. a3 Na5 16. Bc1 Nc4 17. Rfe1) 14... Ne8 15. Be3 b5 16. f4 Nf6 17. Bf3 Na5 18. e5 (18. Kh2 $11) 18... dxe5 $17 19. fxe5 Bc5 (19... Rxd1 $17 20. Rxd1 Nc4) 20. Bxc5 $1 $11 Qxc5+ 21. Kh2 $1 Nd7 22. Rxd7 $1 Rxd7 23. Ne4 Qc7 {[#] And now ...Kh8 would win.} 24. Nf6+ Kh8 25. Nxd7 Qxd7 26. Be4 {Hoping for Qa3.} Qc7 27. b3 Nc6 28. Bxc6 Qxc6 {[%mdl 4096] Endgame KQR-KQR} 29. c4 Kg8 30. Rc1 Qc5 31. b4 (31. Qe1 $11) 31... Qxb4 $17 32. c5 Qd2 $36 {[%mdl 2048] Black is in control.} 33. Rc3 Rc8 34. c6 h6 35. Rc5 Qd4 36. Qa3 Qf4+ 37. Kh1 Qf1+ 38. Kh2 Qf4+ 39. Kh1 $1 Qf1+ 40. Kh2 Qf4+ {Precision: White = 69%, Black = 67%.} 1/2-1/2

[Event "EICC 2019"]
[Site "Skopia"]
[Date "2019.03.27"]
[Round "9.22"]
[White "Demidov, Mikhail"]
[Black "Fridman, Daniel"]
[Result "1/2-1/2"]
[WhiteElo "2520"]
[BlackElo "2633"]
[Annotator "TA"]
[PlyCount "58"]
[EventDate "2019.03.18"]
[EventType "swiss"]
[EventCountry "MKD"]
[SourceTitle "playchess.com"]
[Source "ChessBase"]
[SourceQuality "1"]

{[%evp 23,58,5,0,8,4,-1,21,12,14,22,16,-6,-7,-18,-4,-16,-3,-18,0,0,0,0,0,0,0,0,0,0,0,0,-2,-9,0,0,0,0,0]} 1. d4 d5 2. c4 e6 3. Nc3 Be7 4. Nf3 Nf6 5. Bg5 h6 6. Bh4 O-O 7. e3 Ne4 8. Bxe7 Qxe7 9. cxd5 Nxc3 10. bxc3 exd5 11. Qb3 Rd8 12. Be2 c5 {LiveBook: 10 Games. The position is equal. D57: Queen's Gambit Declined: Lasker Defence: Main line (9 cxd5)} 13. a4 $146 {[%cal Ba2a4,Ba4a5][%mdl 32]} ({Predecessor:} 13. Ne5 Nd7 14. Nxd7 Bxd7 15. Bf3 Be6 16. O-O Rac8 17. a4 Qc7 18. a5 b6 19. h3 Rd6 20. axb6 axb6 {1-0 (56) Le,Q (2709)-Zherebukh,Y (2606) New York 2016}) 13... Nc6 14. a5 Rb8 15. Qa3 c4 16. Qxe7 Nxe7 17. Nd2 b5 18. axb6 $1 axb6 19. f3 b5 {[%cal Bb6b5,Bb5b4][%mdl 32]} 20. Kf2 Be6 21. Rhb1 Nc6 22. e4 b4 23. exd5 Bxd5 24. Nxc4 bxc3 25. Rxb8 Rxb8 26. Rc1 $1 Nxd4 27. Rxc3 Rc8 28. Bd3 Ne6 29. Rc2 Nd4 {Precision: White = 83%, Black = 59%.} 1/2-1/2

[Event "EICC 2019"]
[Site "Skopia"]
[Date "2019.03.27"]
[Round "9.23"]
[White "Dragnev, Valentin"]
[Black "Rakhmanov, Aleksandr"]
[Result "1/2-1/2"]
[WhiteElo "2511"]
[BlackElo "2629"]
[Annotator "TA"]
[PlyCount "65"]
[EventDate "2019.03.18"]
[EventType "swiss"]
[EventCountry "MKD"]
[SourceTitle "playchess.com"]
[Source "ChessBase"]
[SourceQuality "1"]

{[%evp 10,65,56,54,56,56,58,44,49,47,47,46,59,53,59,47,52,34,32,33,27,18,33,13,19,17,7,0,52,52,53,53,53,53,62,62,65,59,63,58,75,75,75,62,49,56,63,66,78,55,50,55,59,55,54,44,50,9]} 1. e4 d5 2. exd5 Qxd5 3. Nc3 Qd8 4. d4 Nf6 5. Nf3 Bg4 6. h3 Bxf3 {B01: Scandinavian Defence} 7. Qxf3 c6 8. Bf4 (8. Be3 e6 9. O-O-O Bb4 10. Ne4 Nxe4 11. Qxe4 Qd5 12. Qxd5 cxd5 13. c4 dxc4 14. Bxc4 {1-0 (41) Dominguez Perez,L (2739)-Pichot,A (2552) chess.com INT 2018}) 8... e6 9. O-O-O Bb4 10. Ne4 Nxe4 11. Qxe4 Qd5 12. Qxd5 cxd5 13. c4 dxc4 14. Bxc4 Nd7 $146 {[#] White must now prevent ...Rc8.} 15. Kb1 Ke7 16. Bg5+ f6 {Strongly threatening ...Rac8.} 17. Bc1 Nb6 18. Bb3 a5 (18... Rad8 $11) 19. a3 $14 a4 20. Ba2 $36 {[%mdl 2048] Black is under pressure.} Ba5 $1 21. d5 Nxd5 22. Bxd5 exd5 23. Rxd5 Rhd8 24. Rb5 Rd7 25. Bf4 Bd8 26. Rc1 Ra5 27. Rcc5 Rxb5 28. Rxb5 {KRB-KRB} b6 29. Rb4 Ra7 {White is slightly better.} 30. Be3 Ra6 31. Kc2 Bc7 32. Kd3 Kd7 33. Rg4 {Accuracy: White = 80%, Black = 90%.} 1/2-1/2

[Event "EICC 2019"]
[Site "Skopia"]
[Date "2019.03.27"]
[Round "9.24"]
[White "Movsesian, Sergei"]
[Black "Repka, Christopher"]
[Result "1-0"]
[WhiteElo "2627"]
[BlackElo "2466"]
[Annotator "TA"]
[PlyCount "101"]
[EventDate "2019.03.18"]
[EventType "swiss"]
[EventCountry "MKD"]
[SourceTitle "playchess.com"]
[Source "ChessBase"]
[SourceQuality "1"]

{[%evp 19,101,42,41,34,31,21,33,15,38,34,37,25,83,80,96,108,91,99,102,97,155,152,188,185,215,204,204,205,199,207,452,406,385,361,305,183,172,181,174,157,146,119,122,129,108,104,104,101,129,129,129,122,129,126,129,129,118,125,152,147,210,210,210,205,188,188,270,261,316,313,295,303,341,288,267,263,536,521,1867,1729,29956,29958,29945,12351]} 1. e4 e5 2. Nf3 Nc6 3. Bb5 a6 4. Ba4 Nf6 5. O-O Be7 6. d3 d6 7. c3 O-O 8. Re1 Bg4 9. Nbd2 Nd7 10. h3 Bh5 11. Bc2 {C87: Closed Ruy Lopez: Steinitz-type lines after 6 Re1 d6} Nc5 (11... Kh8 12. g4 Bg6 13. Nf1 Nb6 14. Ng3 d5 15. Qe2 f6 16. h4 Bf7 17. h5 dxe4 18. dxe4 Bc4 {1-0 (49) Alekseenko,K (2637)-Naiditsch,A (2734) Caleta 2019}) 12. g4 Bg6 13. d4 {White is slightly better.} exd4 14. cxd4 Nd7 15. a3 h5 $146 (15... Re8 $11 {remains equal.}) ({Predecessor:} 15... Nb6 16. d5 Nb8 17. Nf1 N8d7 18. Ng3 h6 {1-0 (49) Morozov,D (2384)-Richter,W (2201) ICCF email 2014}) 16. Kg2 Nf6 {[#]} 17. d5 $1 $36 {[%cal Rd5c6][%mdl 2048] Keeping Black busy.} Ne5 18. Nxe5 dxe5 19. Nc4 hxg4 ({Better is} 19... Bd6) 20. hxg4 $16 Nd7 21. Rh1 Bg5 22. Qf3 Bxc1 23. Raxc1 {Qh3 is the strong threat.} ({Much less strong is} 23. Rhxc1 $6 Qg5 $16) 23... Qg5 24. Qh3 {[%csl Gh1][%cal Rh3h8]} f6 $2 (24... Qh6 25. Qxh6 gxh6 26. Rxh6 Kg7) 25. d6 $18 Nc5 26. dxc7 Ne6 {White must now prevent ...Nf4+.} 27. Qh4 ({Weaker is} 27. Qh8+ Kf7 $16) 27... Qxh4 28. Rxh4 {Strongly threatening Nb6.} Rfc8 29. Nb6 Rxc7 {And now ...Rd8 would win.} 30. Nxa8 Rxc2 {[%mdl 64] [#] Remove Defender, Decoy} 31. Rxc2 Bxe4+ 32. Kg3 Bxc2 $16 {[%mdl 4096] Endgame KRN-KBN} 33. Nb6 Be4 34. f3 Bc6 35. Nc8 Kf7 36. Nd6+ Ke7 37. Nf5+ Kf7 38. Rh8 Ng5 39. Rc8 Bxf3 (39... Ne6 $16 {keeps fighting.} 40. Rb8 Nf8 41. Nd6+ Ke7 42. Nc8+ Kd7) 40. Rc7+ $18 Kf8 41. Nxg7 ({But not} 41. Rxg7 $6 Bc6 $16) 41... Bc6 42. Kh4 e4 (42... a5 {might work better.} 43. Kh5 e4) 43. Nf5 Nf3+ 44. Kg3 Ne5 45. Nd4 Bd5 46. Kf4 Ke8 47. Kf5 Kd8 $2 (47... Nd7 48. Rc3 Ke7) 48. Rg7 Nd7 49. Ne6+ Bxe6+ 50. Kxe6 Ne5 51. g5 {Accuracy: White = 79%, Black = 44%.} 1-0

[Event "EICC 2019"]
[Site "Skopia"]
[Date "2019.03.27"]
[Round "9.25"]
[White "Dubov, Daniil"]
[Black "Maze, Sebastien"]
[Result "1-0"]
[WhiteElo "2703"]
[BlackElo "2578"]
[Annotator "TA"]
[PlyCount "85"]
[EventDate "2019.03.18"]
[EventType "swiss"]
[EventCountry "MKD"]
[SourceTitle "playchess.com"]
[Source "ChessBase"]
[SourceQuality "1"]

{[%evp 12,85,8,-12,-11,-16,0,-14,15,0,0,0,0,0,0,-12,-14,-16,37,38,47,19,33,27,42,35,33,20,29,12,23,0,24,37,34,27,51,47,49,20,19,21,23,0,0,-21,-23,-31,0,0,186,182,177,164,177,181,165,174,368,364,370,369,358,363,317,277,425,427,476,447,552,579,627,626,605,591]} 1. Nf3 d5 2. d4 e6 3. e3 Nf6 4. c4 Be7 5. b3 O-O 6. Bb2 c5 {A13: English Opening: 1...e6} 7. cxd5 {LiveBook: 11 Games} (7. dxc5 dxc4 8. Nbd2 cxb3 9. Nxb3 Nbd7 10. Rc1 b6 11. c6 Nc5 12. Qxd8 Rxd8 13. Bb5 Nd3+ 14. Bxd3 Rxd3 {1-0 (81) Nakamura,H (2777)-So,W (2780) chess.com INT 2018}) 7... cxd4 8. Nxd4 Nxd5 {The position is equal.} 9. Nd2 b6 10. Rc1 $146 ({Predecessor:} 10. Bd3 Bb7 11. O-O Nf6 12. Rc1 Na6 13. a3 Nc5 14. Be2 {1-0 (27) Bachmann,A (2646)-Sumets,A (2566) Chartres 2017}) 10... Bb7 11. Be2 Nd7 12. O-O Rc8 13. Nc4 a6 14. a4 Bb4 (14... Re8 $11) 15. Bf3 $14 Qg5 16. g3 Rfd8 17. h4 Qe7 18. Qe2 Bc5 19. Rfd1 N7f6 20. Ne5 Nb4 21. Rc4 Bd5 22. Bxd5 Rxd5 23. Rdc1 a5 24. Nc2 Nxc2 25. Qxc2 Qd6 26. Nf3 Rd8 {[#] Threatens to win with ...Bxe3!} 27. Bd4 {[%cal Rd4c5]} Nd7 28. Ng5 f5 $1 29. Nh3 {Black should prevent Nf4.} Bxd4 30. exd4 {[#] Hoping for Nf4.} Rxd4 $2 (30... Nf8 $1 $11 {and Black is okay.}) 31. Rxd4 $18 Qxd4 32. Rd1 $36 {[%mdl 2048] Black is under strong pressure.} Qc5 33. Qxc5 bxc5 {[%mdl 4096] Endgame KRN-KRN} 34. Ng5 h6 $2 (34... g6 35. Kg2 (35. Nxe6 Re8 $16) 35... e5) 35. Nxe6 Re8 36. Nxg7 ({Weaker is} 36. Rxd7 Rxe6 37. Rd5 Rc6 $16) 36... Kxg7 37. Rxd7+ {KR-KR} Kf6 38. Ra7 Ke5 (38... Rb8 {was called for.} 39. Rxa5 Rxb3 40. Rxc5 h5 41. Rc6+ Ke5) 39. Rxa5 {White is clearly winning.} Kd4 40. Rb5 f4 41. gxf4 {[%cal Bg3f4,Bf4f5][%mdl 32]} Rg8+ 42. Kh2 Rg4 43. f5 {Precision: White = 55%, Black = 47%.} 1-0

[Event "EICC 2019"]
[Site "Skopia"]
[Date "2019.03.27"]
[Round "9.26"]
[White "Santos Latasa, Jaime"]
[Black "Kovalev, Vladislav"]
[Result "1/2-1/2"]
[WhiteElo "2582"]
[BlackElo "2703"]
[Annotator "TA"]
[PlyCount "104"]
[EventDate "2019.03.18"]
[EventType "swiss"]
[EventCountry "MKD"]
[SourceTitle "playchess.com"]
[Source "ChessBase"]
[SourceQuality "1"]

{[%evp 14,104,34,27,24,27,34,30,58,56,52,55,55,55,53,53,49,51,47,-14,24,0,0,0,0,0,0,0,0,0,0,0,-10,-1,14,-8,-11,-9,0,0,0,-9,-2,-9,-9,-9,-10,-27,-16,-11,-13,-58,0,-12,0,-5,-8,-5,0,0,0,0,0,0,0,0,0,0,0,0,0,0,0,0,0,0,0,0,0,0,0,0,0,0,0,0,0,0,0,0,0,0,0]} 1. d4 Nf6 2. c4 g6 3. Nc3 Bg7 4. e4 d6 5. f3 O-O 6. Be3 Nc6 7. Nge2 a6 8. Qd2 Na5 {E83: King's Indian: Sämisch Panno (6...Nc6): Lines without either Nge2 or Qd2} 9. Nc1 Nd7 10. Nb3 c5 {White has an edge.} 11. dxc5 Nxb3 12. axb3 Nxc5 13. Ra3 Be6 14. b4 Nd7 15. Be2 {[#]} Rc8 $146 ({Predecessor:} 15... a5 16. Nd5 Bxd5 17. cxd5 axb4 18. Qxb4 {½-½ (35) Beliavsky,A (2537)-Sutovsky,E (2659) Batumi 2018}) 16. Nd5 (16. b3 $1 $14) 16... f5 (16... Bxd5 $5 17. exd5 Re8 $11) 17. exf5 Rxf5 18. Bd3 Rf7 19. Be2 Bxd5 20. Qxd5 Bxb2 21. Rb3 Bg7 22. O-O Rc6 23. Rd1 Qc8 24. Qd2 e6 25. f4 Bf8 26. Qe1 Nf6 27. Bd4 d5 28. cxd5 Nxd5 29. g3 Bg7 30. Bxg7 Kxg7 31. Bf3 Qc7 32. Rbd3 Rd7 (32... Re7 $1 $15) 33. Kh1 {The position is equal.} Qd8 34. Bxd5 exd5 35. Qe5+ Qf6 36. Rxd5 Re7 37. Qxf6+ Kxf6 $11 {[%mdl 4096] Endgame KRR-KRR} 38. Kg2 Rc4 (38... Re2+ {seems wilder.} 39. Kh3 Rb6 40. R1d4 h5 41. Rd7 Re7) 39. R1d4 Rxd4 40. Rxd4 {KR-KR} Ke6 41. Kf3 Rd7 42. Re4+ Kd6 43. g4 Rf7 44. h4 b6 45. Re8 Ra7 46. f5 gxf5 47. gxf5 a5 48. bxa5 bxa5 49. f6 a4 50. Kg4 a3 {[#] ...a2 is the strong threat.} 51. f7 $1 {[%mdl 512]} Rxf7 52. Ra8 Ke5 {Accuracy: White = 74%, Black = 78%.} 1/2-1/2

[Event "EICC 2019"]
[Site "Skopia"]
[Date "2019.03.27"]
[Round "9.27"]
[White "Yuffa, Daniil"]
[Black "Saric, Ivan"]
[Result "1-0"]
[WhiteElo "2582"]
[BlackElo "2703"]
[Annotator "TA"]
[PlyCount "61"]
[EventDate "2019.03.18"]
[EventType "swiss"]
[EventCountry "MKD"]
[SourceTitle "playchess.com"]
[Source "ChessBase"]
[SourceQuality "1"]

{[%evp 21,61,12,19,12,0,0,0,7,7,0,0,0,0,0,0,0,0,0,0,-12,111,127,104,24,42,41,33,17,21,33,79,0,0,0,202,195,483,489,487,463,622,606]} 1. d4 Nf6 2. c4 e6 3. g3 c5 4. d5 exd5 5. cxd5 d6 6. Nc3 g6 7. Bg2 Bg7 8. Nf3 O-O 9. O-O Re8 10. Bf4 Ne4 11. Nxe4 Rxe4 12. Nd2 {A62: Modern Benoni: Fianchetto Variation without early ...Nbd7} Rxf4 13. gxf4 Bxb2 14. Rb1 {The position is equal.} Bg7 15. e4 Nd7 16. Re1 Bh6 17. e5 Bxf4 18. e6 $1 {[%cal Re6d7]} Ne5 19. Re4 Qf6 {[#]} 20. Ra4 $146 {With the idea Ne4.} (20. e7 {keeps more tension.} Bg4 21. Qa4 Bxd2 22. e8=R+ Rxe8 23. Qxe8+ Kg7 24. Rxb7 c4 25. h3) 20... Bxd2 (20... fxe6 $11 21. dxe6 Bxe6) 21. Qxd2 $16 fxe6 {[#]} 22. dxe6 (22. Rf4 $1 $16 {[%cal Rf4f6]} Qe7 23. dxe6) 22... Bxe6 $11 {next ...Nf3+ is good for Black.} 23. Qxd6 {And now Re4 would win.} Rd8 24. Qxc5 {Black must now prevent Qe3.} Qf5 25. Qc1 Nf3+ 26. Kh1 (26. Bxf3 $1 $16 Qxf3 27. Qf4 Qxf4 28. Rxf4) 26... Nd2 27. Rbb4 $36 {[%mdl 2048] Threatens to win with Rd4. White is pushing.} Qxf2 $2 (27... Qe5 $1 $11) 28. Rf4 $18 Qe2 $2 {[#]} (28... Qb6 {was called for.} 29. Qe1 Bf5) 29. Rad4 $1 {[%cal Rd4d8] White is clearly winning.} Rxd4 30. Rxd4 Nc4 31. Re4 {Accuracy: White = 66%, Black = 50%.} 1-0